000 01320nam a2200325 i 4500
999 _c66599
_d66599
001 768714001
003 CO-MdFUSB
005 20200924123927.0
007 ta
008 200924t1994 -us |||| |||| 00| 0 eng d
020 _a0916035611
040 _aCO-MdFUSB
_bspa
_cCO-MdFUSB
_dCO-MdFUSBC
_erda
041 _aeng
082 _223
_a220.071
_bT469
100 _aThompson, David L.
_eautor
245 _aBible study that works
_c/ David L Thompson
250 _aEdición revisada
264 1 _aNappanee, Ind. :
_bEvangel Publishing House,
_c[1994]
264 4 _c© 1994
300 _a128 páginas
_c; 22 cm
336 _2rdacontent
_atexto
_btxt
337 _2rdamedia
_asin mediación
_bn
338 _2rdacarrier
_avolumen
_bnc
505 _aPt. 1: Obtener perspectiva - Entrar en la corriente del estudio bíblico inductivo - Entender lo básico - Pt. 2: Estudiar las Escrituras - Mire antes de saltar - Haga preguntas y encuentre respuestas - Deje que Jesús sea el juez - Viva la Palabra - Pt. 3: Seguimiento - Estudio informado por la propia historia de la Biblia - Integración, alcance y siga investigando - Comience con una guía de estudio - Recursos para el estudio de la Biblia.
563 _aRústico
650 0 _916
_aBiblia
942 _cBK
945 _aJTF-925